| Tag |
First Indicator |
Second Indicator |
Subfields |
| LEADER |
00000nam a2200000Ia 4500 |
| 001 |
in00004230121 |
| 005 |
20200806094141.0 |
| 006 |
m g d |
| 007 |
cr bn |||a|bb| |
| 008 |
980106s1507 enk o 00| | sco d |
| 035 |
|
|
|a (OCoLC)38159774
|
| 040 |
|
|
|a EBK
|c EBK
|d WaOLN
|
| 037 |
|
|
|a CL0036000059
|b ProQuest. 789 E. Eisenhower Parkway, Ann Arbor, MI 48108-3218
|
| 041 |
1 |
|
|a sco
|h scolat
|
| 090 |
|
|
|a PA6380
|b .A25 1507
|
| 049 |
|
|
|a UMIA
|
| 100 |
1 |
|
|a Donatus, Aelius.
|
| 245 |
1 |
0 |
|a [Ars minor]
|
| 246 |
3 |
3 |
|a Donatus pro pueris
|
| 260 |
|
|
|a [Scotland? :
|b publisher not identified,
|c circa 1507?]
|
| 300 |
|
|
|a 1 online resource ([2+] pages)
|
| 336 |
|
|
|a text
|b txt
|2 rdacontent
|
| 337 |
|
|
|a computer
|b c
|2 rdamedia
|
| 338 |
|
|
|a online resource
|b cr
|2 rdacarrier
|
| 500 |
|
|
|a Title suggested by STC (2nd edition).
|
| 500 |
|
|
|a Attributed to Donatus by STC (2nd edition).
|
| 500 |
|
|
|a Imprint suggested by STC (2nd edition).
|
| 500 |
|
|
|a Imperfect: lacking all except 1 leaf.
|
| 500 |
|
|
|a Reproduction of original in: University of Aberdeen. Library.
|
| 510 |
4 |
|
|a STC (2nd edition)
|c 7018
|
| 533 |
|
|
|a Electronic reproduction.
|b Ann Arbor, Mich. :
|c UMI,
|d 1999-
|f (Early English books online)
|n Digital version of: (Early English books, 1475-1640 ; 1922:10)
|7 s1999 miun s
|
| 650 |
|
0 |
|a Latin language
|x Grammar.
|
| 830 |
|
0 |
|a Early English books online.
|
| 856 |
4 |
0 |
|u http://proxy.library.tamu.edu/login?url=https://search.proquest.com/docview/2240921646
|z Connect to the full text of this electronic book
|t 0
|
| 999 |
f |
f |
|s d587e272-e4e8-303f-9591-cf191b03e71f
|i 4855eaad-abec-3333-bf7e-4cd9ee9a0cf1
|t 0
|
| 952 |
f |
f |
|a Texas A&M University
|b College Station
|c Electronic Resources
|d Available Online
|t 0
|e PA6380 .A25 1507
|h Library of Congress classification
|
| 998 |
f |
f |
|a PA6380 .A25 1507
|t 0
|l Available Online
|